000 00636nam a22001937a 4500
008 131111b xxu||||| |||| 00| 0 ger d
020 _a385428389X
041 0 _ager
080 _a334.72
100 1 _aTrefelik, Rainer
245 1 0 _aErfolgsfaktoren für den generationenwechsel :
_cRainer Trefelik
260 _aWien :
_bFachverlag ;
_c1998.
300 _a280 f. ;
_c24 cm.
490 _aForschungsergebnisse der wirtschaftsuniversitat Wien
500 _aGeleiwort : f .5
505 _aBibliographie : f. 227-241
650 _aBiznesi
942 _2udc
_cBK
999 _c255
_d255